Statistics for History Analogies #2

Click here to take the quiz!

General Stats

  • This quiz has been taken 26,723 times
  • The average score is 13 of 20

Answer Stats

This is to this … As … % Correct
Michelangelo is to the
Sistine Chapel
{Leonardo} is to the
Mona Lisa
93%
Sultan is to the
Ottoman Empire
{Tsar} is to Russia
91%
Richard is to LionheartAttila is to {Hun}
91%
1 is to Delaware50 is to {Hawaii}
85%
Amundsen is to South Pole{Armstrong} is to Moon
80%
Tolstoy is to RussiaHugo is to {France}
79%
Stone Age is to
Bronze Age
Bronze Age is to
{Iron} {Age}
77%
Cogito Ergo Sum is to
Descartes
Veni Vidi Vici is to
{Caesar}
69%
Grant is to the Union Army{Lee} is to the
Confederate Army
68%
MLK is to LutherFDR is to {Delano}
67%
1815 is to Waterloo1066 is to {Hastings}
63%
Adams is to Washington{Jefferson} is to Adams
63%
Siam is to Thailand{Peking} is to Beijing
59%
Louis XIV is to BourbonHenry VIII is to {Tudor}
56%
Churchill is to ConservativeAttlee is to {Labour}
54%
Catherine is to RussiaFrederick is to {Prussia}
52%
Geronimo is to ApacheCrazy Horse is to {Lakota}
47%
Midway is to the
Pacific Theater
{Stalingrad} is to the
Eastern Front
42%
Katrina is to New OrleansAndrew is to {Miami}
41%
Santa Maria is to ColumbusGolden Hind is to {Drake}
31%

Score Distribution

Percentile by Number Answered

Percent of People with Each Score

Your Score History

You have not taken this quiz